00522nam a22001577a 450000500170000001000150001702000230003203500130005503700130006810000190008124501150010026000380021527000660025330000270031970000180034620130625113349.0 aENG-107733 a8186724085c210.00 aEN-91266 bDBAD/PUB aMiglani, Seema aEnglish for professionals :cby Seema Miglani [and] Shikha Goyalba book of communication skills in english / aHaryanabNirmal Book Agencyc2013 aOpp. Kurukshetra University IIIrd Gate, bKurukshetrae136119 aviii,318p. c24cm(pbk) aGoyal, Shikha